Teaching students with special needs in inclusive settings / (Record no. 29644)

000 -LEADER
fixed length control field 01285cam a22003738i 4500
001 - CONTROL NUMBER
control field 18276778
005 - DATE AND TIME OF LATEST TRANSACTION
control field 20180427162543.0
008 - FIXED-LENGTH DATA ELEMENTS--GENERAL INFORMATION
fixed length control field 140822t20142016mau 000 0 eng
010 ## - LIBRARY OF CONGRESS CONTROL NUMBER
LC control number 2014032482
020 ## - INTERNATIONAL STANDARD BOOK NUMBER
International Standard Book Number 9780133773774
020 ## - INTERNATIONAL STANDARD BOOK NUMBER
International Standard Book Number 0133773779
040 ## - CATALOGING SOURCE
Original cataloging agency DLC
Language of cataloging eng
Transcribing agency DLC
Description conventions rda
042 ## - AUTHENTICATION CODE
Authentication code pcc
043 ## - GEOGRAPHIC AREA CODE
Geographic area code n-us---
050 00 - LIBRARY OF CONGRESS CALL NUMBER
Classification number LC1201
Item number .T43 2016
082 00 - DEWEY DECIMAL CLASSIFICATION NUMBER
Classification number 371.9
Edition number 23
245 00 - TITLE STATEMENT
Title Teaching students with special needs in inclusive settings /
Statement of responsibility, etc. Tom E.C. Smith.
250 ## - EDITION STATEMENT
Edition statement Seventh Edition.
263 ## - PROJECTED PUBLICATION DATE
Projected publication date 1411
300 ## - PHYSICAL DESCRIPTION
Extent pages cm
650 #0 - SUBJECT ADDED ENTRY--TOPICAL TERM
Topical term or geographic name as entry element Inclusive education
Geographic subdivision United States.
650 #0 - SUBJECT ADDED ENTRY--TOPICAL TERM
Topical term or geographic name as entry element Special education
Geographic subdivision United States.
650 #0 - SUBJECT ADDED ENTRY--TOPICAL TERM
Topical term or geographic name as entry element Children with disabilities
General subdivision Education
Geographic subdivision United States.
650 #0 - SUBJECT ADDED ENTRY--TOPICAL TERM
Topical term or geographic name as entry element Classroom management
Geographic subdivision United States.
700 1# - ADDED ENTRY--PERSONAL NAME
Personal name Smith, Tom E. C.
906 ## - LOCAL DATA ELEMENT F, LDF (RLIN)
a 7
b cbc
c orignew
d 1
e ecip
f 20
g y-gencatlg
942 ## - ADDED ENTRY ELEMENTS (KOHA)
Source of classification or shelving scheme
Koha item type Hard Covered Materials
Classification part LC 1201 .T43 2016
Holdings
Withdrawn status Lost status Source of classification or shelving scheme Damaged status Not for loan Home library Current library Shelving location Date acquired Source of acquisition Total Checkouts Full call number Barcode Date last seen Price effective from Koha item type
          MACHAKOS UNIVERSITY LIBRARY MACHAKOS UNIVERSITY LIBRARY Open shelf 27/04/2018 Donation (BFA)   LC 1201 .T43 2016 38157 18/05/2018 27/04/2018 Hard Covered Materials
© Machakos University Library, Along The Highway, Machakos Wote Rd, Machakos, Kenya P.O. Box 136 - 90100 Machakos - Kenya

Tel: ( +254 ) 723 805829 OR Fax : 044-20353 OR Email: library@mksu.ac.ke